Statistics for Minecraft Colours Quiz

Click here to take the quiz!

General Stats

  • This quiz has been taken 117 times
  • The average score is 14 of 16

Answer Stats

Colour% Correct
Green
98%
Blue
97%
Pink
96%
Red
96%
Black
93%
Purple
92%
Yellow
91%
White
90%
Gray
88%
Orange
88%
Lime
80%
Cyan
76%
Light Blue
76%
Magenta
73%
Brown
71%
Light Gray
70%

Score Distribution

Percentile by Number Answered

Percent of People with Each Score

Your Score History

You have not taken this quiz